000 00450nam a2200181Ia 4500
005 20250423101641.0
008 250422s9999 xx 000 0 und d
020 _a9789784918329
050 _aPR 9387 .J36/
100 _aJames, Ile Onyebuchi
245 0 _aVerses of uncharted heaven : the second coming of biafra
260 _aNigeria
260 _bRossen Publication
260 _c2014
300 _a239 p
650 _aDrama
942 _cBK
999 _c36873
_d36873